[Event "Montigny le Bretonneux-C 4th"]
[Site "Montigny le Bretonneux"]
[Date "2005.10.29"]
[Round "8"]
[White "Blasco, Robert"]
[Black "Rivier, Sylvain"]
[Result "0-1"]
[WhiteElo "1360"]
[BlackElo "1640"]
[PlyCount "54"]
[EventDate "2005.10.22"]
[EventType "tourn"]
[EventRounds "9"]
[EventCountry "FRA"]
[SourceTitle "EXT 2008"]
[Source "ChessBase"]
[SourceDate "2007.11.25"]
[SourceVersion "1"]
[SourceVersionDate "2007.11.25"]
[SourceQuality "1"]

1. c4 Nf6 2. Nc3 c5 3. g3 Nc6 4. Bg2 e5 5. d3 Rb8 6. Nf3 d6 7. 0-0 Be7 8. a3 0-0 9. b3 Bg4 10. Bb2 Qd7 11. Nd2 Bh3 12. Nde4 Bxg2 13. Kxg2 Nxe4 14. Nxe4 f5 15. Nc3 Rf6 16. Nd5 Rh6 17. Nxe7+ Nxe7 18. h4 Rf8 19. Bc1 f4 20. Rh1 Qc6+ 21. Kg1 Rg6 22. Rh3 Nf5 23. Kh2 fxg3+ 24. fxg3 Nxg3 25. Rxg3 Rf2+ 26. Kg1 Rg2+ 27. Kf1 R2xg3 0-1

[Event "Montigny le Bretonneux-C 4th"]
[Site "Montigny le Bretonneux"]
[Date "2005.10.26"]
[Round "4"]
[White "Perodeau, Guillaume"]
[Black "Blasco, Robert"]
[Result "1-0"]
[WhiteElo "1530"]
[BlackElo "1360"]
[PlyCount "31"]
[EventDate "2005.10.22"]
[EventType "tourn"]
[EventRounds "9"]
[EventCountry "FRA"]
[SourceTitle "EXT 2008"]
[Source "ChessBase"]
[SourceDate "2007.11.25"]
[SourceVersion "1"]
[SourceVersionDate "2007.11.25"]
[SourceQuality "1"]

1. e4 e5 2. Nf3 Nc6 3. Bb5 a6 4. Bxc6 dxc6 5. 0-0 Nf6 6. Nc3 Bd6 7. d4 Bg4 8. dxe5 Bxe5 9. Qxd8+ Rxd8 10. Nxe5 0-0 11. Bg5 Rfe8 12. Bxf6 gxf6 13. Nxg4 Kg7 14. Rad1 b5 15. Rxd8 Rxd8 16. Rd1 1-0

[Event "Montigny le Bretonneux Noel op 07th"]
[Site "Montigny le Bretonneux"]
[Date "2004.12.28"]
[Round "4"]
[White "Blasco, Robert"]
[Black "Lortat Jacob, Bertrand"]
[Result "1-0"]
[WhiteElo "1410"]
[BlackElo "1499"]
[PlyCount "27"]
[EventDate "2004.12.??"]
[EventType "swiss"]
[EventRounds "7"]
[EventCountry "FRA"]
[SourceTitle "EXT 2006"]
[Source "ChessBase"]
[SourceDate "2005.11.24"]
[SourceVersion "1"]
[SourceVersionDate "2005.11.24"]
[SourceQuality "1"]

1. e4 d5 2. exd5 Nf6 3. c4 e6 4. dxe6 Bxe6 5. Nf3 Nbd7 6. d4 Bd6 7. Be2 h6 8. d5 Bf5 9. 0-0 0-0 10. Re1 Ne5 11. Nbd2 Ng6 12. Nb3 b6 13. Nfd4 Nf4 14. Nxf5 1-0

[Event "Montigny le Bretonneux 3rd"]
[Site "Montigny le Bretonneux"]
[Date "2004.10.29"]
[Round "6"]
[White "Blasco, Robert"]
[Black "Hurlot, Rodolphe"]
[Result "0-1"]
[WhiteElo "1410"]
[BlackElo "1499"]
[PlyCount "38"]
[EventDate "2004.10.??"]
[EventType "swiss"]
[EventRounds "9"]
[EventCountry "FRA"]
[SourceTitle "EXT 2006"]
[Source "ChessBase"]
[SourceDate "2005.11.24"]
[SourceVersion "1"]
[SourceVersionDate "2005.11.24"]
[SourceQuality "1"]

1. e4 e5 2. Nf3 Nc6 3. Nc3 Bc5 4. a3 Nf6 5. b4 Bd4 6. Bb2 Ng4 7. Nxd4 exd4 8. Nb5 Nf6 9. Nxd4 0-0 10. d3 Nxd4 11. Bxd4 d6 12. Be2 b6 13. Bb2 a5 14. 0-0 Re8 15. Re1 Bb7 16. Bf3 Qe7 17. e5 Bxf3 18. Qxf3 Rab8 19. exf6 Qxe1+ 0-1

[Event "Montigny le Bretonneux op"]
[Site "Montigny le Bretonneux"]
[Date "2004.05.22"]
[Round "6"]
[White "Blasco, Robert"]
[Black "Mongey, Alain"]
[Result "1-0"]
[WhiteElo "1280"]
[BlackElo "1470"]
[PlyCount "91"]
[EventDate "2004.05.20"]
[EventType "swiss"]
[EventRounds "9"]
[EventCountry "FRA"]
[SourceTitle "EXT 2007"]
[Source "ChessBase"]
[SourceDate "2006.11.23"]
[SourceVersion "1"]
[SourceVersionDate "2006.11.23"]
[SourceQuality "1"]

1. e4 e5 2. Nf3 d6 3. Bc4 h6 4. Nc3 Nf6 5. d4 Bg4 6. Qd3 Bxf3 7. Qxf3 Nc6 8. d5 Nd4 9. Qd3 a6 10. Be3 b5 11. Bb3 b4 12. Ba4+ Nd7 13. Ne2 Nxe2 14. Qxe2 Be7 15. Bc6 0-0 16. Bxa8 Qxa8 17. 0-0 Nf6 18. Bd2 c6 19. Qf3 cxd5 20. Qg3 Nxe4 21. Qe3 Bg5 22. f4 Nxd2 23. Qxd2 Bxf4 24. Qxb4 Qa7+ 25. Kh1 Qc7 26. c3 a5 27. Qb3 Rb8 28. Qxd5 Rxb2 29. Rab1 Qxc3 30. Rxb2 Qxb2 31. Qxa5 Qe2 32. Re1 Qf2 33. Rd1 Qe2 34. Rb1 Qc2 35. Rf1 Qe2 36. Re1 Qf2 37. a3 Bd2 38. Qa8+ Kh7 39. Rd1 Be1 40. Qe4+ g6 41. Qxe1 Qc5 42. Qb4 Qe3 43. a4 g5 44. Qxd6 g4 45. Qd3+ Qxd3 46. Rxd3 1-0

[Event "Montigny le Bretonneux op"]
[Site "Montigny le Bretonneux"]
[Date "2004.05.22"]
[Round "5"]
[White "Couradin, Bruno"]
[Black "Blasco, Robert"]
[Result "1-0"]
[WhiteElo "1630"]
[BlackElo "1280"]
[PlyCount "22"]
[EventDate "2004.05.20"]
[EventType "swiss"]
[EventRounds "9"]
[EventCountry "FRA"]
[SourceTitle "EXT 2007"]
[Source "ChessBase"]
[SourceDate "2006.11.23"]
[SourceVersion "1"]
[SourceVersionDate "2006.11.23"]
[SourceQuality "1"]

1. e4 e5 2. Bc4 Be7 3. Qh5 g6 4. Qxe5 Nf6 5. Nf3 d6 6. Qc3 0-0 7. d3 Bg4 8. Bh6 Re8 9. Ng5 d5 10. Bxd5 Nh5 11. Nxf7 Bf6 1-0

[Event "Montigny le Bretonneux Noel op 06th"]
[Site "Montigny le Bretonneux"]
[Date "2003.12.26"]
[Round "1"]
[White "Blasco, Robert"]
[Black "Blot, David"]
[Result "0-1"]
[WhiteElo "1310"]
[BlackElo "1820"]
[PlyCount "66"]
[EventDate "2003.12.26"]
[EventType "swiss"]
[EventRounds "6"]
[EventCountry "FRA"]
[SourceTitle "CBM 097 Extra"]
[Source "ChessBase"]
[SourceDate "2004.01.13"]
[SourceVersion "1"]
[SourceVersionDate "2004.01.13"]
[SourceQuality "1"]

1. e4 d6 2. d4 Nf6 3. Nc3 g6 4. Nf3 Bg7 5. Be2 0-0 6. 0-0 c5 7. d5 a6 8. h3 b5 9. a3 b4 10. Na2 bxa3 11. Nc3 axb2 12. Bxb2 Nxe4 13. Ra3 Nxc3 14. Bxc3 Bxc3 15. Rxc3 a5 16. Ra3 Na6 17. Re1 Bb7 18. c4 Nb4 19. Bd3 Bc8 20. Bb1 e5 21. dxe6 Bxe6 22. Qe2 Re8 23. Re3 a4 24. Ng5 Qxg5 25. Rxe6 Rxe6 26. Qd1 Rxe1+ 27. Qxe1 a3 28. Kh2 a2 29. Bxa2 Rxa2 30. Qe8+ Kg7 31. Qe1 Nd3 32. Qc3+ Qe5+ 33. Qxe5+ Nxe5 0-1

[Event "Montigny le Bretonneux op 7th"]
[Site "Montigny le Bretonneux"]
[Date "2003.05.04"]
[Round "9.20"]
[White "Wuthrich, Guillaume"]
[Black "Blasco, Robert"]
[Result "1-0"]
[WhiteElo "1599"]
[BlackElo "1210"]
[PlyCount "103"]
[EventDate "2003.05.??"]
[EventType "swiss"]
[EventRounds "9"]
[EventCountry "FRA"]
[SourceTitle "EXT 2004"]
[Source "ChessBase"]
[SourceDate "2003.11.25"]
[SourceVersion "1"]
[SourceVersionDate "2003.11.25"]
[SourceQuality "1"]

1. Nf3 d6 2. e4 c5 3. d4 b6 4. d5 Bb7 5. c4 Nf6 6. Nc3 Qc8 7. h3 e6 8. Bd3 Be7 9. 0-0 0-0 10. Bf4 a6 11. a4 h6 12. Bc2 e5 13. Bh2 Nbd7 14. Ne2 b5 15. axb5 axb5 16. Rxa8 Qxa8 17. b3 b4 18. Qa1 Qa3 19. Qxa3 bxa3 20. Nc3 Ra8 21. Ra1 Nh5 22. Na4 Nf4 23. Kf1 Ba6 24. Bxf4 exf4 25. Bd3 Bf6 26. Rxa3 Bc8 27. Ke1 Ne5 28. Nxe5 Bxe5 29. f3 Bc3+ 30. Kd1 Bb2 31. Ra2 Bc3 32. Kc1 g5 33. Kb1 Bd4 34. Nb2 Rxa2 35. Kxa2 h5 36. Na4 g4 37. hxg4 hxg4 38. Ka3 Kg7 39. b4 cxb4+ 40. Kxb4 Kg6 41. e5+ Kg5 42. exd6 Kh4 43. c5 Bd7 44. c6 Bxc6 45. dxc6 Be5 46. Kc5 Kg3 47. fxg4 Kxg2 48. c7 f3 49. c8Q f2 50. Qd7 f1Q 51. Bxf1+ Kxf1 52. Qxf7+ 1-0

[Event "Montigny le Bretonneux op 7th"]
[Site "Montigny le Bretonneux"]
[Date "2003.05.01"]
[Round "3.20"]
[White "Mongey, Alain"]
[Black "Blasco, Robert"]
[Result "1-0"]
[WhiteElo "1430"]
[BlackElo "1240"]
[PlyCount "77"]
[EventDate "2003.05.??"]
[EventType "swiss"]
[EventRounds "9"]
[EventCountry "FRA"]
[SourceTitle "EXT 2004"]
[Source "ChessBase"]
[SourceDate "2003.11.25"]
[SourceVersion "1"]
[SourceVersionDate "2003.11.25"]
[SourceQuality "1"]

1. d4 d5 2. c4 dxc4 3. Nc3 e6 4. Nf3 a6 5. Bg5 Be7 6. Bxe7 Qxe7 7. e3 b5 8. Be2 Bb7 9. 0-0 Nf6 10. Qc2 h6 11. b3 b4 12. Na4 Be4 13. Qxc4 0-0 14. Ne5 Nbd7 15. Nc5 Nxc5 16. dxc5 Rfb8 17. Rfd1 Bd5 18. Qc2 Nd7 19. Nxd7 Qxd7 20. e4 c6 21. exd5 exd5 22. a4 a5 23. h3 Re8 24. Re1 Kh8 25. Bg4 Rxe1+ 26. Rxe1 Qc7 27. Qe2 Qd8 28. Qe7 Qf8 29. Qxf8+ Rxf8 30. Re7 Kg8 31. Rc7 Re8 32. Rxc6 Re1+ 33. Kh2 Rb1 34. Rc8+ Kh7 35. Bf5+ g6 36. Bxb1 Kg7 37. c6 Kf6 38. Rd8 Ke5 39. c7 1-0